Taylor Swift Lyrics NO HINTS - Statistics

General Stats
  • This quiz has been taken 63 times
  • The average score is 117 of 185
Answer Stats
Answer % Correct
a
100%
A
100%
I
100%
the
98%
you
94%
to
93%
in
91%
In
91%
it
91%
be
89%
me
89%
me,
89%
and
87%
And
87%
love
87%
We
87%
we
87%
When
87%
they
83%
What
81%
your
81%
Your
81%
Is
80%
its
78%
you're
78%
too
76%
had
74%
of
74%
For
72%
like
70%
there
70%
all
67%
Could
67%
time
67%
us
67%
just
65%
up,
65%
up
65%
how
63%
by
61%
can't
61%
get
59%
sad
57%
life
56%
off
54%
try
54%
beautiful
52%
Beautiful
52%
will
52%
you've
52%
affair
50%
got
50%
little
50%
look
50%
tragic
50%
'Cause
48%
Long
48%
long
48%
magic
46%
mean
46%
Kiss
44%
back
41%
deep
41%
give
41%
listen?
41%
meet
41%
sweet
41%
dreams
39%
fighting
39%
pocket
39%
darlin'
37%
Distance,
37%
fix
37%
Good
37%
handwritten
37%
late
37%
note
37%
right
37%
Silence,
37%
Words,
37%
taking
35%
Breakdown,
33%
conversation
33%
demons
33%
runs
33%
they'll
33%
timing
33%
tracks
33%
wait
33%
warm
33%
both
31%
face
31%
girls,
31%
train
31%
erasing
30%
cities
28%
different
28%
stood
28%
beds
26%
Hang
26%
locket
26%
lonely
26%
hopeful
24%
wake
24%
uh uh
6%
No matching quizzes found
Score Distribution
Percent of People with Each Score
Percentile by Number Answered
Your Score History
You have not taken this quiz